[Event "Wch U18"]
[Site "Maribor"]
[Date "2012.11.18"]
[Round "11.36"]
[White "Drnovsek, Gal"]
[Black "Maurizio, Antonio"]
[Result "1-0"]
[WhiteElo "2236"]
[BlackElo "2067"]
[PlyCount "43"]
[EventDate "2012.11.08"]
[EventType "swiss"]
[EventRounds "11"]
[EventCountry "SLO"]
[SourceTitle "EXT 2013"]
[Source "ChessBase"]
[SourceDate "2012.11.22"]
[SourceVersion "1"]
[SourceVersionDate "2012.11.22"]
[SourceQuality "1"]

1. d4 d5 2. c4 c6 3. Nf3 Nf6 4. e3 e6 5. Nc3 Nbd7 6. Qc2 Bd6 7. Be2 0-0 8. 0-0 dxc4 9. Bxc4 Qe7 10. e4 e5 11. h3 exd4 12. Nxd4 Ne5 13. Be2 Rd8 14. Be3 Bc5 15. Rad1 Ng6 16. Rfe1 Nf4 17. Bf1 N6h5 18. Nxc6 bxc6 19. Bxc5 Nxh3+ 20. gxh3 Qg5+ 21. Kh1 Be6 22. Bd6 1-0

[Event "Wch U18"]
[Site "Maribor"]
[Date "2012.11.16"]
[Round "9.47"]
[White "Draskovic, Davor"]
[Black "Maurizio, Antonio"]
[Result "1/2-1/2"]
[WhiteElo "1852"]
[BlackElo "2067"]
[PlyCount "42"]
[EventDate "2012.11.08"]
[EventType "swiss"]
[EventRounds "11"]
[EventCountry "SLO"]
[SourceTitle "EXT 2013"]
[Source "ChessBase"]
[SourceDate "2012.11.22"]
[SourceVersion "1"]
[SourceVersionDate "2012.11.22"]
[SourceQuality "1"]

1. e4 c6 2. d4 d5 3. Nc3 dxe4 4. Nxe4 Bf5 5. Nc5 b6 6. Nb3 Nf6 7. Nf3 Nbd7 8. g3 e6 9. Bg2 Qc7 10. 0-0 Bd6 11. Qe2 0-0 12. Rd1 Rac8 13. c4 Bg4 14. h3 Bh5 15. g4 Bg6 16. Nh4 Rfd8 17. Nxg6 hxg6 18. Be3 c5 19. Rac1 e5 20. d5 Ne8 21. g5 Be7 1/2-1/2

[Event "Pianoro op"]
[Site "Pianoro"]
[Date "2011.11.27"]
[Round "5"]
[White "Maurizio, Antonio"]
[Black "Mandolini, Riccardo"]
[Result "1-0"]
[WhiteElo "2018"]
[BlackElo "2119"]
[PlyCount "63"]
[EventDate "2011.11.25"]
[EventType "swiss"]
[EventRounds "5"]
[EventCountry "ITA"]
[SourceTitle "CBM 145 Extra"]
[Source "ChessBase"]
[SourceDate "2012.01.03"]
[SourceVersion "1"]
[SourceVersionDate "2012.01.03"]
[SourceQuality "1"]

1. d4 d5 2. Nf3 Nf6 3. e3 a6 4. Bd3 g6 5. c3 Bf5 6. Bxf5 gxf5 7. Qb3 b5 8. a4 c6 9. axb5 cxb5 10. Qc2 e6 11. Nbd2 Nbd7 12. b3 a5 13. c4 Qc8 14. c5 Ra6 15. Qd3 Qc6 16. 0-0 Be7 17. Bb2 0-0 18. Ra2 Rfa8 19. Rfa1 Bd8 20. Ne1 Bc7 21. Nc2 Ne8 22. Nb1 Ng7 23. Nc3 e5 24. Qxb5 Qe6 25. Nb4 axb4 26. Rxa6 Rb8 27. Rxe6 bxc3 28. Rb6 Bxb6 29. cxb6 cxb2 30. Rb1 Rc8 31. Qf1 Rc2 32. Qd1 1-0

[Event "ITA-ch U20"]
[Site "Montecatini Terme"]
[Date "2011.08.02"]
[Round "3"]
[White "Codenotti, Marco"]
[Black "Maurizio, Antonio"]
[Result "1-0"]
[WhiteElo "2323"]
[BlackElo "2001"]
[PlyCount "31"]
[EventDate "2011.07.31"]
[EventType "swiss"]
[EventRounds "9"]
[EventCountry "ITA"]
[SourceTitle "EXT 2014"]
[Source "ChessBase"]
[SourceDate "2013.11.20"]
[SourceVersion "1"]
[SourceVersionDate "2013.11.20"]
[SourceQuality "1"]

1. e4 e6 2. d4 d5 3. Nd2 a6 4. Ngf3 c5 5. dxc5 Bxc5 6. Bd3 Nf6 7. Qe2 Nc6 8. exd5 Nxd5 9. Ne4 Nd4 10. Nxd4 Bxd4 11. 0-0 Bf6 12. Rd1 Qe7 13. c4 Nb4 14. Bb1 0-0 15. Be3 b6 16. Bxb6 1-0

[Event "Rome Nobile Memorial 4th"]
[Site "Rome"]
[Date "2011.02.24"]
[Round "7"]
[White "Maurizio, Antonio"]
[Black "Catalini, Giampiero"]
[Result "1-0"]
[WhiteElo "1898"]
[BlackElo "1953"]
[PlyCount "45"]
[EventDate "2011.01.13"]
[EventType "swiss"]
[EventRounds "7"]
[EventCountry "ITA"]
[SourceTitle "EXT 2012"]
[Source "ChessBase"]
[SourceDate "2011.11.24"]
[SourceVersion "1"]
[SourceVersionDate "2011.11.24"]
[SourceQuality "1"]

1. d4 d5 2. c4 dxc4 3. Nf3 a6 4. a4 c5 5. e3 cxd4 6. exd4 Nf6 7. Bxc4 e6 8. Nc3 Be7 9. 0-0 0-0 10. Qe2 Nc6 11. Rd1 Nd5 12. Ne5 Bf6 13. Nxc6 bxc6 14. Ne4 Rb8 15. Bxd5 cxd5 16. Bf4 Rb6 17. Nc5 Rc6 18. b4 Qb6 19. Qd2 Re8 20. b5 axb5 21. axb5 Bxd4 22. Qxd4 Rxc5 23. Be3 1-0

[Event "Rome ASR op"]
[Site "Rome"]
[Date "2010.09.28"]
[Round "3"]
[White "Maurizio, Antonio"]
[Black "Pastore, Cosmas"]
[Result "1-0"]
[WhiteElo "1886"]
[BlackElo "1810"]
[PlyCount "110"]
[EventDate "2010.09.16"]
[EventType "swiss"]
[EventRounds "5"]
[EventCountry "ITA"]
[SourceTitle "EXT 2024"]
[Source "ChessBase"]
[SourceDate "2023.10.10"]
[SourceVersion "1"]
[SourceVersionDate "2023.10.10"]
[SourceQuality "1"]

1. c4 c6 2. d4 d5 3. cxd5 cxd5 4. Nf3 Nc6 5. Nc3 Bg4 6. Bf4 e6 7. e3 Nf6 8. Bb5 Rc8 9. Qa4 Bxf3 10. gxf3 Qb6 11. Bxc6+ bxc6 12. Rb1 Bb4 13. 0-0 Nh5 14. Bg3 Nxg3 15. fxg3 0-0 16. a3 Be7 17. b4 a6 18. f4 Ra8 19. Qc2 Rfc8 20. Na4 Qa7 21. Nc5 a5 22. b5 cxb5 23. Rxb5 Bxc5 24. Rxc5 Rxc5 25. dxc5 Rc8 26. Rc1 f6 27. e4 dxe4 28. Qxe4 Qe7 29. c6 g6 30. Kg2 Kf7 31. Rb1 Qd6 32. Rb7+ Kg8 33. Rb6 Qd5 34. Qxd5 exd5 35. Kf3 Kf7 36. Ke3 f5 37. Kd4 Ke6 38. Kc5 d4 39. Kxd4 Kd6 40. Rb7 Kxc6 41. Rxh7 Kb5 42. Rh6 Rc6 43. h4 a4 44. h5 Rd6+ 45. Ke5 Rd3 46. Rxg6 Rxa3 47. Kxf5 Ra1 48. g4 a3 49. Rg8 a2 50. Ra8 Kb4 51. h6 Kb3 52. h7 Rh1 53. Rxa2 Kxa2 54. Kg6 Kb3 55. Kg7 Rg1 1-0

[Event "Rome La Lupa op"]
[Site "Rome"]
[Date "2010.05.27"]
[Round "4"]
[White "Zarfati, Daniele"]
[Black "Maurizio, Antonio"]
[Result "0-1"]
[WhiteElo "1568"]
[BlackElo "1866"]
[PlyCount "66"]
[EventDate "2010.05.09"]
[EventType "swiss"]
[EventRounds "7"]
[EventCountry "ITA"]
[SourceTitle "EXT 2024"]
[Source "ChessBase"]
[SourceDate "2023.10.10"]
[SourceVersion "1"]
[SourceVersionDate "2023.10.10"]
[SourceQuality "1"]

1. d4 d5 2. c4 e6 3. Nc3 Be7 4. Nf3 Nf6 5. Bf4 c6 6. c5 b6 7. Bxb8 Rxb8 8. Qa4 Qc7 9. b4 a5 10. a3 bxc5 11. bxc5 Ba6 12. Ne5 Bb5 13. Qc2 0-0 14. e3 Bxf1 15. Kxf1 Nd7 16. Nxd7 Qxd7 17. Na4 Bd8 18. Ke2 Bc7 19. Rhb1 e5 20. dxe5 Bxe5 21. Rxb8 Rxb8 22. Rd1 Qg4+ 23. Kf1 f5 24. Nb6 f4 25. h3 Qh4 26. Qf5 fxe3 27. Nd7 e2+ 28. Kxe2 Qc4+ 29. Rd3 Qc2+ 30. Kf3 Re8 31. Nxe5 Rf8 32. Qxf8+ Kxf8 33. Rd4 Qc3+ 0-1

[Event "Rome Nobile Memorial 3rd"]
[Site "Rome"]
[Date "2010.01.14"]
[Round "1"]
[White "Maurizio, Antonio"]
[Black "Elia, Alessio"]
[Result "1/2-1/2"]
[WhiteElo "1449"]
[BlackElo "1891"]
[PlyCount "51"]
[EventDate "2010.01.14"]
[EventType "swiss"]
[EventRounds "6"]
[EventCountry "ITA"]
[SourceTitle "EXT 2024"]
[Source "ChessBase"]
[SourceDate "2023.10.10"]
[SourceVersion "1"]
[SourceVersionDate "2023.10.10"]
[SourceQuality "1"]

1. c4 d6 2. d4 g6 3. Nc3 Bg7 4. e3 Nc6 5. Nf3 e5 6. d5 Nce7 7. Be2 f5 8. 0-0 Nf6 9. Bd2 a5 10. h3 0-0 11. b3 c6 12. dxc6 bxc6 13. c5 e4 14. cxd6 Qxd6 15. Nd4 Rd8 16. Bc1 c5 17. Ndb5 Qxd1 18. Rxd1 Rxd1+ 19. Bxd1 Nfd5 20. Bb2 Ba6 21. Nxd5 Nxd5 22. Bxg7 Kxg7 23. Be2 Rb8 24. Rd1 Nf6 25. Nc3 Bxe2 26. Nxe2 1/2-1/2